000
00206 a2200097 4500
001
8611
100
_a
Abdul Hameed Siddique
245
_a
Jang as rahi hey
260
_a
_b
Ferozsons
_c
090
_c
6934
_d
6934
942
_a
NUST-CAE
_c
M
_c
33527
999
_c
243684
_d
243684